000 00650nam a2200193 a 4500
005 20210219150056.0
008 991125s1973 mx 000 0 spa u
035 _aUPN01000006785
049 _aSEP
050 4 _aND259 N3
_bC37
245 0 0 _aCarlos Nakatani :
_bextensión del huevo negro : obras recientes /
_cpról. Antonio Castro Leal.
260 _aMéxico :
_bINBA,
_c1973.
300 _a[9] p. :
_bprincipalmente il.
500 _a"Del 19 de septiembre al 21 de octubre de 1973"
500 _a"Sala metropolitana, Palacio de Bellas Artes"
600 1 4 _aNAKATANI, CARLOS,
_d1934-
650 4 _aPINTURA MEXICANA -
_vEXPOSICIONES
905 _aLibro
999 _c6785
_d6785